LEADER 04033oam 2200913 c 450 001 9911069575403321 005 20250802090638.0 010 $a3-8233-9448-7 024 3 $a9783823394488 035 $a(MiAaPQ)EBC6914272 035 $a(Au-PeEL)EBL6914272 035 $a(CKB)21372004900041 035 $a(Narr Francke Attempto Verlag)9783823394488 035 $a(EXLCZ)9921372004900041 100 $a20250802d2022 uy 0 101 0 $aeng 135 $aurcnu|||||||| 181 $ctxt$2rdacontent 182 $cc$2rdamedia 183 $acr$2rdacarrier 200 10$aEnglish Linguistics /$fChristian Mair 205 $a4th ed. 210 $aTu?bingen$cNarr Francke Attempto Verlag$d2022 215 $a1 online resource (295 pages) 225 0 $abachelor-wissen 300 $a[4., aktualisierte und u?berarbeitete Auflage] 311 08$aPrint version: Mair, Christian English Linguistics Tübingen : Narr Francke Attempto,c2022 9783823384489 327 $a1 Introduction - linguistic and other approaches to language 2 Phonetics and phonology - the sounds of speech 3 Morphology and word-formation - the structure of the word 4 Syntax I/general principles - the structure of the clause 5 Syntax II/the fundamentals of English grammar 6 Semantics and lexicology - the meaning of words 7 Pragmatics and discourse analysis 8 Applied linguistics, language teaching and translation studies 9 A pluricentric language - standard Englishes around the world 10 Dialectology - regional variation in English 11 Language in the city - social and ethnic variation, multilingualism 12 Language change and the history of English 13 Past masters, current trends - theorising linguistics for students of English 14 Linguistics and the public - language myths, language politics, language planning and language rights Glossary Index 330 $a"English Linguistics" is a compact and easy-to-use introduction to English linguistics which - is tailored to the needs of students of English at German, Austrian and Swiss universities, - contains graded exercises to motivate students to carry out independent research, and - bridges the gap between linguistics and the literary and cultural-studies components of the typical BA in English Studies. Bachelor-wissen "English Linguistics" goes beyond the usual introduction in offering accompanying web resources which provide additional material and multi-media illustration. The new edition includes current theoretical approaches in the fields of sociolinguistics and World Englishes. 410 0$abachelor-wissen 606 $amultilingualism 606 $aLanguage Change 606 $aSyntax 606 $aPlanning 606 $aEnglish Studies 606 $aCultural Studies 606 $aVariation 606 $aTranslation 606 $aDialectology 606 $aLinguistics 606 $aBachelor-Wissen 606 $aPragmatics 606 $alinguistic 606 $agraded exercises 606 $alinguistics 606 $aliterary 606 $acultural-studies components 606 $aweb resources 606 $aadditional material 606 $amulti-media illustratio 615 4$amultilingualism 615 4$aLanguage Change 615 4$aSyntax 615 4$aPlanning 615 4$aEnglish Studies 615 4$aCultural Studies 615 4$aVariation 615 4$aTranslation 615 4$aDialectology 615 4$aLinguistics 615 4$aBachelor-Wissen 615 4$aPragmatics 615 4$alinguistic 615 4$agraded exercises 615 4$alinguistics 615 4$aliterary 615 4$acultural-studies components 615 4$aweb resources 615 4$aadditional material 615 4$amulti-media illustratio 676 $a420 700 $aMair$b Christian$4aut$0550267 801 0$bMiAaPQ 801 1$bMiAaPQ 801 2$bMiAaPQ 906 $aBOOK 912 $a9911069575403321 996 $aEnglish Linguistics$94552355 997 $aUNINA